BIBLIOTHÈQUE DE LA MAISON DU MEXIQUE

Logo 1 Logo 2

La especie humana (notice nᵒ 6628)

détails MARC
000 -Sello discográfico
campo de control de longitud fija 01015nam a2200325 4500
005 - Identificación de versión
campo de control 20251016084710.0
099 ## - fechas locales
Tipo de ítem Koha LIBRO
100 ## - Datos de procesamiento general
Datos de procesamiento general 20230717d1966 m y1spay5003 ba
101 ## - Idioma del recurso
Idioma del texto, banda sonora, etc. Español; Castellano
Idioma de la obra original Inglés
105 ## - Campo de datos codificados: Material textual, monográfico
Datos codificados de monografía a 001zy
200 1# - Título y mención de responsabilidad
Título propio La especie humana
Designación general del material texto impreso
Primer mención de responsabilidad Anthony Barnett
Declaración de responsabilidad subsiguiente traducción Francisco González Aramburo
205 ## - Declaración de edición
Declaración de edición 1a ed
210 ## - Publicación, distribución, etc.
Lugar de publicación, distribución, etc. México
Nombre del editor, distribuidor, etc. Fondo de Cultura Económica
Fecha de publicación, distribución, etc. 1966
215 ## - Descripción física
Designación de material específico y extensión del ítem 406 p
Otras características físicas il.
Dimensiones 17 cm
345 ## - Nota de información de adquisición
Fuente de adquisición/dirección de la suscripción [OBSOLETO] Donación
410 #1 - Series
Título Colección Popular
Número de volumen 78
454 #1 - Traducción de
Título The Human Species. A Biology of Man
606 ## - Término temático usado como materia
Elemento de entrada Antropología
Número Koha 6497
606 ## - Término temático usado como materia
Elemento de entrada Seres humanos
Subdivisión temática Origen
Número Koha 1350
660 ## - Código de área geográfica
Código MX
700 ## - Nombre personal - Responsabilidad primaria
Elemento de entrada Barnett
Parte del nombre distinta del elemento de entrada Samuel Anthony
Fechas 1915-2003
Número Koha 12572
702 ## - Nombre personal - Responsabilidad secundaria
Elemento de entrada González Aramburo
Parte del nombre distinta del elemento de entrada Francisco
Fechas 1926-2020
Número Koha 4209
801 #0 - Fuente de origen
País FR
Agencia cm
Reglas de catalogación (convenciones descriptivas) AFNOR
900 ## -
-- 1/22190
900 ## -
-- 7100417642\080104
942 ## - ELEMENTOS DE ENTRADA SECUNDARIOS (KOHA)
Tipo de ítem Koha Livre
996 ## -
-- MEX
-- 751145101
-- MMAG
-- 008223
-- 082.97 C882 V.78
-- 20230717LIV
Exemplaires
Estatus retirado Estado de daño Estado de pérdida Fecha de adquisición Biblioteca de origen Biblioteca actual Ubicación en estantería Código de barras Precio de reemplazo Signatura topográfica completa No para préstamo Tipo de ítem Koha Nota pública Nota no pública
      05/08/2025 Casa México Paris Casa México Paris   008223 05/08/2025 082.97 C882 V.78   Livre 20230717LIV 751145101